Electrical engineer's reference book / (Record no. 180284)
[ view plain ]
| 000 -LEADER | |
|---|---|
| fixed length control field | 01542 a2200229 4500 |
| 003 - CONTROL NUMBER IDENTIFIER | |
| control field | Nust |
| 005 - DATE AND TIME OF LATEST TRANSACTION | |
| control field | 20230919110432.0 |
| 010 ## - LIBRARY OF CONGRESS CONTROL NUMBER | |
| LC control number | 92019212 |
| 020 ## - INTERNATIONAL STANDARD BOOK NUMBER | |
| Terms of availability | 0750612029 : |
| 040 ## - CATALOGING SOURCE | |
| Transcribing agency | Nust |
| 082 00 - DEWEY DECIMAL CLASSIFICATION NUMBER | |
| Classification number | 621.3,ELE |
| 245 00 - TITLE STATEMENT | |
| Title | Electrical engineer's reference book / |
| Statement of responsibility, etc. | edited by G.R. Jones, M.A. Laughton, M.G. Say |
| 250 ## - EDITION STATEMENT | |
| Edition statement | 13th ed. |
| 260 ## - PUBLICATION, DISTRIBUTION, ETC. | |
| Place of publication, distribution, etc. | Oxford ; |
| -- | Boston : |
| Name of publisher, distributor, etc. | Butterworth-Heinemann, |
| Date of publication, distribution, etc. | 1973. |
| 300 ## - PHYSICAL DESCRIPTION | |
| Extent | 1 v. (various pagings) : |
| Other physical details | ill. ; |
| Dimensions | 25 cm. |
| 505 ## - FORMATTED CONTENTS NOTE | |
| Formatted contents note | Units and Physics Quantities (Various Pages), Electro technology (Various Pages), Network Analysis (Various Pages), Materials (Various Pages), Electrical Metrology and Instrumentation (Various Pages), Energy Conversion (Various Pages), Alternating Current Generators (Various Pages), Supply Networks (Various Pages), Power Transformers (Various Pages), Switchgear and Protection (Various Pages), Planning and Economics (Various Pages), Converting Plant (Various Pages), Electromagnetic Machines and Devices (Various Pages), Electro heating (Various Pages), Electrochemistry (Various Pages), Control (Various Pages), Computers (Various Pages), Installation (Various Pages), Illumination (Various Pages), Environmental Control (Various Pages), Transportation (Various Pages), Mining (Various Pages), Agriculture (Various Pages), Miscellaneous (Various Pages). |
| 650 #0 - SUBJECT ADDED ENTRY--TOPICAL TERM | |
| Topical term or geographic name entry element | Electrical engineering. |
| 700 1# - ADDED ENTRY--PERSONAL NAME | |
| Personal name | Jones, G. R. |
| Dates associated with a name | 1938- |
| 9 (RLIN) | 101361 |
| 700 1# - ADDED ENTRY--PERSONAL NAME | |
| Personal name | Laughton, M. A. |
| 9 (RLIN) | 47256 |
| 700 1# - ADDED ENTRY--PERSONAL NAME | |
| Personal name | Say, M. G. |
| Dates associated with a name | 1902- |
| 9 (RLIN) | 101362 |
| 942 ## - ADDED ENTRY ELEMENTS (KOHA) | |
| Source of classification or shelving scheme | |
| Koha item type | Book |
| Withdrawn status | Lost status | Source of classification or shelving scheme | Damaged status | Not for loan | Permanent Location | Current Location | Shelving location | Date acquired | Full call number | Barcode | Date last seen | Price effective from | Koha item type | Public note |
|---|---|---|---|---|---|---|---|---|---|---|---|---|---|---|
| Military College of Signals (MCS) | Military College of Signals (MCS) | General Stacks | 12/12/2016 | 621.3,ELE | MCS5407 | 12/08/2016 | 12/12/2016 | Book | Almirah No.28, Shelf No.2 |
